Normal view MARC view
  • Rubio León, Ángel Manuel

Entry Nombre Personal

Number of records used in: 1

001 - NUMERO DE CONTROL

  • campo de control: 47578

003 - IDENTIFICADOR DE NUMERO DE CONTROL

  • campo de control: UPN

005 - FECHA Y HORA DE LA ÜLTIMA TRANSACCIÓN

  • campo de control: 20230111121200.0

008 - DATOS DE LONGITUD FIJA

  • campo de control de longitud fija: 230109|| acn||aabn | a|a d

040 ## - FUENTE DE CATALOGACIÓN

  • Agencia original de catalogación: MX-MxUPN

100 1# - ENCABEZAMIENTO - NOMBRE PERSONAL

  • Nombre personal: Rubio León, Ángel Manuel

370 ## - LUGAR ASOCIADO

  • Place of birth: Colombia

371 ## - DIRECCIÓN

  • Electronic mail address: angelrule@unisabana.edu.co

372 ## - CAMPO DE ACTIVIDAD

  • Field of activity: Filosofía y letras, psicología adolescente, asesoría familiar y gestión de programas para la familia
  • Field of activity: Docencia

373 ## - GRUPO ASOCIADO

  • Associated group: Universidad de la Sabana.

374 ## - OCUPACIÓN

  • Occupation: Escritor, filósofo
  • Occupation: Profesor universitario

375 ## - GÉNERO

  • Gender: masculino

377 ## - LENGUA ASOCIADA

  • Language code: spa

400 1# - VEÁSE - NOMBRE DE PERSONA

  • Personal name: León, Ángel Manuel Rubio

670 ## - FUENTE EN LA QUE SE LOCALIZARON DATOS

  • Cita de la fuente: En recurso en línea Academia y virtualidad, Vol. 12, no. 2 (2019):
  • Información localizada: página 95 (Ángel Manuel Rubio León)
  • Uniform Resource Identifier: https://revistas.unimilitar.edu.co/index.php/ravi/article/view/4338/3628

902 ## - CATALOGADOR

  • Catalogador: RGJD/090123